The new economics of the less developed countries: changing perceptions in the north-south dialogue
Збережено в:
| Автор: | |
|---|---|
| Формат: | Книга |
| Мова: | Англійська |
| Опубліковано: |
Boulder
Westview Press
1978
|
| Предмети: | |
| Теги: |
Додати тег
Немає тегів, Будьте першим, хто поставить тег для цього запису!
|
MARC
| LEADER | 00000nam a2200000 a 4500 | ||
|---|---|---|---|
| 001 | UCQ1211 | ||
| 003 | CL-VaPUC | ||
| 008 | 980709e19780000US |||||||||||||||||eng|d | ||
| 082 | 0 | 4 | |a 338.9 |b KAM |2 21 |
| 100 | 0 | |a Kamrany, Nake M |e author |9 414903 | |
| 245 | 1 | 4 | |a The new economics of the less developed countries: changing perceptions in the north-south dialogue |
| 300 | |a 346 p | ||
| 942 | |c BK | ||
| 945 | |d 19980709 00:00:00 |a crobeson | ||
| 260 | |a Boulder |b Westview Press |c 1978 | ||
| 650 | 7 | |a SUBDESARROLLO |2 CL-VaPUC |9 337696 | |
| 650 | 7 | |a PAISES EN RECESION |2 CL-VaPUC |9 338231 | |
| 650 | 0 | |a Economía internacional |9 258254 | |
| 650 | 0 | |a Relaciones Internacionales |9 255740 | |
| 650 | 0 | |a Bienestar social |9 255298 | |
| 650 | 0 | |a Desarrollo económico y social |9 256320 | |
| 650 | 0 | |a Crecimiento económico |9 314037 | |
| 583 | |a last modification |c 19980709 00:00:00 |k Rodrigo Vera | ||
| 999 | |c 272215 |d 272213 | ||